|
|
|
|
| LEADER |
00000nas a2200000 a 4500 |
| 001 |
ssj0018496 |
| 003 |
WaSeSS |
| 005 |
20200512172242.0 |
| 006 |
m d |
| 007 |
cr n |
| 008 |
990226d19992001nyuwn s 0 a0eng c |
| 010 |
|
|
|a sn 99004049
|
| 022 |
|
|
|l 1525-4720
|y 1525-4720
|
| 035 |
|
|
|a (WaSeSS)ssj0018496
|
| 040 |
|
|
|a NNWFG
|c NNWFG
|d NSDP
|d InU
|d OCoLC
|d WaSeSS
|
| 042 |
|
|
|a nsdp
|a pcc
|
| 082 |
1 |
0 |
|a 320
|2 13
|
| 210 |
0 |
|
|a Insur. account.
|
| 222 |
|
0 |
|a Insurance accounting
|
| 245 |
0 |
0 |
|a Insurance accounting
|h [electronic resource].
|
| 260 |
|
|
|a New York :
|b American Banker,
|c c1999-
|
| 310 |
|
|
|a Weekly except for the last two weeks of Aug. and Dec.
|
| 362 |
0 |
|
|a Vol. 1, issue 1 (Feb. 1, 1999)-
|
| 500 |
|
|
|a Title from caption.
|
| 506 |
|
|
|a License restrictions may limit access.
|
| 580 |
|
|
|a Merger of: Insurance accountant; and: Insurance regulator.
|
| 650 |
|
0 |
|a Insurance
|x Accounting
|v Periodicals.
|
| 650 |
|
0 |
|a Insurance
|x Accounting
|x Law and legislation
|z United States
|v Periodicals.
|
| 655 |
|
0 |
|a Electronic journals.
|
| 780 |
1 |
4 |
|t Insurance accountant
|x 1094-897X
|w (DLC)sn 97004369
|w (OCoLC)28233971
|
| 780 |
1 |
4 |
|t Insurance regulator
|x 1094-8929
|w (DLC)sn 97004364
|w (OCoLC)24560500
|
| 785 |
0 |
0 |
|t Insurance chronicle (New York, N.Y.)
|x 1535-1823
|w (DLC) 2001211659
|w (OCoLC)46450616
|
| 856 |
4 |
0 |
|z Full text available from Research Library: 01/01/2000 to 2001
|u https://search.proquest.com/publication/26699
|